|
|
|
|
| LEADER |
00705nam a22001937a 4500 |
| 020 |
|
|
|a 9788121703307
|
| 082 |
|
|
|a S 294.592 1
|b RAV/V
|
| 100 |
|
|
|a Ravindra Kumar Gupta
|9 98766
|
| 245 |
|
|
|a Vedom mein kala evam vijnan (pratham bhaj)/
|c by Ravindra Kumar Gupta
|
| 260 |
|
|
|a Newdelhi:
|b Bharatiya Vidya Prakashan,
|c 2018.
|
| 300 |
|
|
|a 127p.
|
| 650 |
|
|
|a Vedic Literature
|9 98767
|
| 650 |
|
|
|a Hinduism
|9 98768
|
| 650 |
|
|
|a Religion
|9 98769
|
| 700 |
|
|
|a Satyakam Sharma (ed.)
|9 98770
|
| 700 |
|
|
|a Yogesh Sharma (ed.)
|9 98771
|
| 942 |
|
|
|c BK
|
| 999 |
|
|
|c 140657
|d 140657
|
| 952 |
|
|
|0 0
|1 0
|4 0
|6 S_294_592000000000000_1_RAV_V
|7 0
|9 96903
|a SSUS
|b SSUS
|c STACKS
|d 2019-01-15
|g 250.00
|o S 294.592 1 RAV/V
|p 092813
|r 2019-01-15
|w 2019-01-15
|y BK
|